El capital: crítica de la economía política

Salvato in:
Dettagli Bibliografici
Natura: Libro
Lingua:spagnolo
Pubblicazione: Ciudad de México Fondo de Cultura Económica 1959
Edizione:2a. ed
Serie:Sección de Obras de Economía
Soggetti:
Tags: Aggiungi Tag
Nessun Tag, puoi essere il primo ad aggiungerne!!

MARC

LEADER 00000cam a2200000 a 4500
001 UCZ2690
003 CL-VaPUC
005 20211214074153.0
008 951005e19590000MX |||||||||||||||||spa|d
999 |c 239249  |d 239247 
020 |a 9681600258o.c 
020 |a 9681600282v.3 
040 |c Pontificia Universidad Católica de Valparaíso 
082 0 4 |a 335.412  |b MAR  |2 21 
245 1 3 |a El capital: crítica de la economía política 
250 |a 2a. ed 
260 |a Ciudad de México  |b Fondo de Cultura Económica  |c 1959 
300 |a v 
490 0 |a Sección de Obras de Economía 
583 |a last modification  |c 20160711 12:36:44  |k Rodrigo Vera 
650 0 |a Economía   |9 255568 
650 0 |a Política  |9 255312 
650 7 |a SISTEMAS ECONOMICOS  |2 CL-VaPUC  |9 346454 
650 0 |a Comunismo  |9 255588 
650 7 |a DOCTRINAS ECONOMICAS  |2 CL-VaPUC  |9 346455 
650 0 |a Capitalismo  |9 255255 
650 7 |a GANANCIAS DE CAPITAL  |2 CL-VaPUC  |9 346456 
942 |c BK  |2 ddc 
945 |d 19951005 00:00:00  |a lriquelm 
952 |0 0  |1 0  |4 0  |6 335_412000000000000_MAR_1959  |7 0  |8 A  |9 250243  |a BIBHIS  |b BIBHIS  |d 2019-11-18  |h v.2  |i 1387383  |o 335.412 MAR 1959  |p 1387383  |r 2025-01-20  |w 2019-11-18  |y BK  |k HIS 
952 |0 0  |1 0  |4 0  |6 335_412000000000000_MAR_1959  |7 0  |8 A  |9 250244  |a BIBHIS  |b BIBHIS  |d 2019-11-18  |h v.3  |i 1387391  |o 335.412 MAR 1959  |p 1387391  |r 2025-01-20  |w 2019-11-18  |y BK  |k HIS 
952 |0 0  |1 0  |4 0  |6 335_412000000000000_MAR_1959  |7 0  |8 A  |9 250245  |a BIBHIS  |b BIBHIS  |d 2019-11-18  |h v.3  |i 1387405  |o 335.412 MAR 1959  |p 1387405  |r 2025-01-20  |w 2019-11-18  |y BK  |k HIS 
952 |0 0  |1 0  |4 0  |6 335_412000000000000_MAR_1959  |7 0  |8 A  |9 250246  |a BIBHIS  |b BIBHIS  |d 2019-11-18  |h v.1  |i 3879526  |l 1  |o 335.412 MAR 1959  |p 3879526  |r 2025-01-20  |s 2024-05-13  |w 2019-11-18  |y BK  |k HIS 
952 |0 0  |1 0  |4 0  |6 335_412000000000000_MAR_1959  |7 0  |8 A  |9 250247  |a BIBHIS  |b BIBHIS  |d 2019-11-18  |h v.2  |i 3879534  |o 335.412 MAR 1959  |p 3879534  |r 2025-01-20  |w 2019-11-18  |y BK  |k HIS 
952 |0 0  |1 0  |4 0  |6 335_412000000000000_MAR_1959  |7 0  |8 A  |9 250248  |a BIBHIS  |b BIBHIS  |d 2019-11-18  |h v.3  |i 3879542  |o 335.412 MAR 1959  |p 3879542  |r 2025-01-20  |w 2019-11-18  |y BK  |k HIS 
952 |0 0  |1 0  |3 erb  |4 0  |6 335_412000000000000_MAR_1959  |7 0  |8 A  |9 250249  |a FDOHBE  |b FDOHBE  |e Huesbe Llanos, Marco Antonio, 1934-  |h v.3  |i 5307511  |o 335.412 MAR 1959  |p 5307511  |r 2024-01-30  |w 2019-11-18  |y BK  |z Catalogado en:20160713  |k HBE